Podnikateľský plán vybraného podniku bakalárska práca

Uložené v:
Podrobná bibliografia
Hlavný autor: Vozár, Jakub
Korporativný autor: Fakulta podnikového manažmentu EU. Katedra manažmentu
Ďalší autori: Kovács, Jozef, 1994-
Médium: Kniha
Jazyk:Slovak
Vydavateľské údaje: Bratislava 2025
Tagy: Pridať tag
Žiadne tagy, Buďte prvý, kto otaguje tento záznam!

MARC

LEADER 00000nbm a2200000 4500
001 0309839
005 20251212134856.3
041 0 |a slo 
044 |a SK 
245 1 0 |a Podnikateľský plán vybraného podniku  |b bakalárska práca  |c Jakub Vozár ; školiteľ: Jozef Kovács 
264 1 |a Bratislava  |c 2025 
300 |a 79 s. 
100 1 |a Vozár, Jakub 
700 1 |a Kovács, Jozef, 1994- 
710 2 |a Fakulta podnikového manažmentu EU. Katedra manažmentu